| 000 | 00576nam a22002177a 4500 | ||
|---|---|---|---|
| 003 | OSt | ||
| 005 | 20140310182950.0 | ||
| 008 | 130206t xxu||||| |||| 00| 0 eng d | ||
| 020 | _a9716420099 | ||
| 050 |
_aDS668 _b.Z21 1994 |
||
| 082 |
_aF959.9 _b.Z1 1994 |
||
| 245 |
_aPhilippine history and government _cZaide, Sonia M. |
||
| 250 | _a3rd ed. | ||
| 260 |
_aManila : _bAll Nations Publishing Co., Inc. _cc1994 |
||
| 300 |
_a239 p. : ill. _c26 cm. |
||
| 521 | _acollege students | ||
| 526 | _c1210L-1700L | ||
| 541 | _j1 | ||
| 562 | _e1 | ||
| 942 |
_2lcc _cBK _kFIL |
||
| 999 |
_c17891 _d17891 |
||